Get the Picture: Which David? Quiz Stats

 Plays Quiz Updated Aug 7, 2019

Score 0/12 Timer 02:00
4 Plays Today
Question Answer Wrong Answers
Professional soccer player? Beckham
96.8%
Bowie
0.6%
Chappelle
0.8%
Tennant
0.6%
Passed away in 2016? Bowie
95.6%
Beckham
0.6%
Chappelle
1.3%
Tennant
1.2%
Married to a Spice Girl? Beckham
95%
Bowie
1.3%
Chappelle
1.3%
Tennant
1.3%
Had his own TV show on Comedy Central? Chappelle
94.6%
Beckham
0.7%
Bowie
1%
Tennant
2.5%
Was the inspiration for the movie 'Bend It Like ____'? Beckham
94.5%
Bowie
2%
Chappelle
1.1%
Tennant
1%
Born in the 1940s? Bowie
94.5%
Beckham
1%
Chappelle
2.3%
Tennant
0.9%
10th doctor on 'Doctor Who'? Tennant
93.3%
Beckham
1.4%
Bowie
2.8%
Chappelle
1.3%
Professional musician? Bowie
92.6%
Beckham
1%
Chappelle
3.4%
Tennant
1.7%
Born in Washington D.C.? Chappelle
89.1%
Beckham
2.6%
Bowie
2.9%
Tennant
4%
Starred in 'Half Baked'? Chappelle
76.9%
Beckham
2.4%
Bowie
3.3%
Tennant
16.2%
Starred in 'Jessica Jones' on Netflix? Tennant
72.5%
Beckham
3.8%
Bowie
2.6%
Chappelle
19.7%
Born in Scotland? Tennant
69.3%
Beckham
15.6%
Bowie
13.3%
Chappelle
0.6%

Today's Daily Dose

Missing Word
1940s A-Z

Quick Pick
'S' Athletes

Get the Picture
Depp or Bonham Carter

You're not logged in!

Compare scores with friends on all Sporcle quizzes.
OR
Log In

Sporcle TV

Today on Sporcle TV


Watch our educational content, quiz creation guides, and fun videos on Sporcle TV.

Show Comments

Extras

Top Quizzes Today


Score Distribution

Your Account Isn't Verified!

In order to create a playlist on Sporcle, you need to verify the email address you used during registration. Go to your Sporcle Settings to finish the process.

Report this User

Report this user for behavior that violates our Community Guidelines.

Details: